16 Famous Rodents Quiz Stats

 Plays Quiz Updated Oct 5, 2015

Challenge
Share
Tweet
Score 0/16 Timer 04:00
2 Plays Today
% Correct
Mickey Mouse
98.6%
Jerry Mouse
96.4%
Alvin
95.6%
Pikachu
87.7%
Stuart Little
86.5%
Mighty Mouse
79.8%
Speedy Gonzales
76.9%
Pinky
72.3%
% Correct
Rocket J. Squirrel
63.7%
Itchy
62.7%
Sandy Cheeks
58.2%
Remy
51.4%
Splinter
44.6%
Scrat
39.7%
Danger Mouse
37.6%
Basil
25.3%

You're not logged in!

Compare scores with friends on all Sporcle quizzes.
OR
Log In

You Might Also Like...

Show Comments

Extras

Top Quizzes Today


Score Distribution

Your Account Isn't Verified!

In order to create a playlist on Sporcle, you need to verify the email address you used during registration. Go to your Sporcle Settings to finish the process.

Report this User

Report this user for behavior that violates our Community Guidelines.

Details: